[Event "Euro Online U2300 Day 1"]
[Site "chess.com INT"]
[Date "2020.05.25"]
[Round "1"]
[White "Salna, Aleksandras"]
[Black "Hansen, Lars"]
[Result "1-0"]
[WhiteElo "2063"]
[BlackElo "2223"]
[WhiteFideId "12807575"]
[BlackFideId "1402528"]
[EventDate "2020.05.25"]

1. d4 e6 2. c4 b6 3. Nc3 Bb7 4. e4 Bb4 5. Qc2 Qh4 6. Bd3 f5 7. g3 Qh5 8. f3 fxe4
9. Bxe4 Bxe4 10. Qxe4 Nc6 11. Ne2 Nf6 12. Qd3 e5 13. O-O O-O 14. d5 Bc5+ 15. Kg2
Ne7 16. Nb5 e4 17. fxe4 Ng4 18. h4 Rxf1 19. Kxf1 Rf8+ 20. Nf4 g5 21. Kg2 gxf4
22. Bxf4 Ng6 23. Rf1 Nxf4+ 24. Rxf4 Rxf4 25. gxf4 Qxh4 26. Qg3 Qxg3+ 27. Kxg3
Ne3 28. b3 Kf7 29. Nxc7 h6 30. Na6 Kg6 31. b4 Bd4 32. c5 bxc5 33. bxc5 h5 34.
Nb8 Bxc5 35. Nxd7 Be7 36. Ne5+ Kg7 37. Nf3 Nc4 38. e5 Kg6 39. d6 Bd8 40. Nh4+
Kf7 41. Nf5 Ke6 42. Ng7+ Kd7 43. Nxh5 a5 44. Kf3 a4 45. Ke4 a3 46. Kd5 Na5 47.
e6+ Ke8 48. f5 Nb7 49. f6 Bxf6 50. Nxf6+ Kf8 51. e7+ Kf7 52. e8=Q+ Kxf6 53. Qe7+
Kf5 54. Qxb7 Kf4 55. Qa6 Kf3 56. Qxa3+ Kf4 57. d7 Kf5 58. d8=Q 1-0

[Event "Euro Online U2300 Day 1"]
[Site "chess.com INT"]
[Date "2020.05.25"]
[Round "1"]
[White "Olsen, Filip Boe"]
[Black "Sedina, Elena"]
[Result "0-1"]
[WhiteTitle "IM"]
[BlackTitle "IM"]
[WhiteElo "2353"]
[BlackElo "2299"]
[WhiteFideId "1440640"]
[BlackFideId "812153"]
[EventDate "2020.05.25"]

1. d4 d5 2. c4 c6 3. Nf3 Nf6 4. e3 Bf5 5. Nc3 e6 6. Nh4 Bg6 7. Be2 Nbd7 8. g3
Bd6 9. O-O O-O 10. Nxg6 hxg6 11. f4 dxc4 12. Bxc4 c5 13. Qf3 cxd4 14. exd4 Nb6
15. Bb3 Qd7 16. Be3 Rac8 17. Rac1 Nc4 18. Bxc4 Rxc4 19. d5 Rfc8 20. dxe6 Qxe6
21. Rfe1 Qd7 22. Bxa7 b5 23. Bf2 Ng4 24. Rcd1 Nxf2 25. Kxf2 b4 26. Ne4 Qa7+ 27.
Kf1 Bf8 28. Nd6 Bxd6 29. Rxd6 Rc2 30. Red1 Rxb2 31. Rd7 Qxa2 32. g4 Rxh2 33. Kg1
Qc2 34. Qg3 Re2 35. Rd8+ Re8 36. R8d2 Qc5+ 37. Kh2 Qe3 38. Qg2 Qxf4+ 39. Kg1 Rc4
40. Rd8 Qe3+ 41. Kh1 Rc8 42. R8d3 Qe4 43. Rf3 Rc2 44. Qf1 Rc3 45. Rd3 Rxd3 46.
Qxd3 Qxd3 47. Rxd3 Rb8 48. Rb3 f5 49. Kg2 Kf7 50. Kf3 Ke6 51. Kf4 fxg4 52. Kxg4
Kd5 53. Kf3 Kc4 54. Rb1 b3 55. Ke2 Kc3 56. Kd1 Rd8+ 57. Ke2 Kc2 0-1

[Event "Euro Online U2300 Day 1"]
[Site "chess.com INT"]
[Date "2020.05.25"]
[Round "1"]
[White "Maximov, Oleg"]
[Black "Gombocz, Ferenc Jr."]
[Result "1/2-1/2"]
[BlackTitle "FM"]
[WhiteElo "2219"]
[BlackElo "2209"]
[WhiteFideId "4176960"]
[BlackFideId "775029"]
[EventDate "2020.05.25"]

1. e4 e5 2. Nc3 Nf6 3. g3 Nc6 4. Bg2 Bc5 5. Nge2 O-O 6. O-O d6 7. h3 a6 8. d3 h6
9. Kh2 Nd4 10. f4 exf4 11. Bxf4 Re8 12. Qd2 Kh7 13. Rae1 Nh5 14. Be3 Nxc2 15. d4
Nxe1 16. Qxe1 Bb6 17. Nd5 Ba7 18. Rxf7 Be6 19. Rf3 Bxd5 20. exd5 Nf6 21. Qb1+
Kh8 22. Qg6 Qd7 23. Nc3 Rxe3 24. Rxe3 Bxd4 25. Rd3 Be5 26. Ne4 Qe8 27. Qf5 Qh5
28. Qxh5 Nxh5 29. b3 Re8 30. Bf3 Nf6 31. Nxf6 Bxf6 32. Kg2 Re1 33. Rd2 Rc1 34.
Re2 Be5 35. h4 Kg8 36. a4 a5 37. Re3 Rc2+ 38. Kh3 Kf8 39. Bh5 Rc3 40. Rxc3 Bxc3
41. Kg4 Ke7 42. Kf5 c6 43. Bf3 cxd5 44. Bxd5 b6 45. g4 Kd8 46. g5 hxg5 47. hxg5
Ke7 48. g6 Kd7 49. Kg5 Bd2+ 50. Kf5 Ke7 51. Bc4 Bc3 52. Bd5 Kd7 53. Ke4 Bb2 54.
Kf5 Kc7 55. Ke4 Kd7 56. Kf5 Ke7 57. Bc4 Kd7 58. Bd5 1/2-1/2

[Event "Euro Online U2300 Day 1"]
[Site "chess.com INT"]
[Date "2020.05.25"]
[Round "1"]
[White "Kiremitciyan, Ari"]
[Black "Potpara, Nikola"]
[Result "1-0"]
[WhiteTitle "FM"]
[WhiteElo "2281"]
[BlackElo "2373"]
[WhiteFideId "6373445"]
[BlackFideId "910058"]
[EventDate "2020.05.25"]

1. d4 Nf6 2. c4 e6 3. Nf3 b6 4. g3 Ba6 5. b3 b5 6. cxb5 Bxb5 7. Bg2 Bc6 8. O-O
Qc8 9. Nbd2 Qb7 10. Bb2 a5 11. a3 Bd5 12. Qc2 Be7 13. Rac1 Ra7 14. Nh4 Bxg2 15.
Nxg2 d5 16. Nf4 O-O 17. Nd3 Nbd7 18. Qc6 Rb8 19. Qxb7 Raxb7 20. f3 Ne8 21. Rc6
Nd6 22. Rfc1 Bd8 23. Kf2 a4 24. b4 Nb5 25. e3 Ra8 26. Nb1 Nb6 27. Nd2 Nd6 28. e4
Ndc4 29. Nxc4 Nxc4 30. Rc2 Bf6 31. exd5 exd5 32. Ne5 Bxe5 33. dxe5 Re8 34. f4
Re6 35. Rc5 c6 36. f5 Nxb2 37. fxe6 Nd3+ 38. Ke3 Nxc5 39. exf7+ Kxf7 40. Rxc5
Rb6 41. Kd4 Ke6 42. Ra5 Rb7 43. Rxa4 Rf7 44. Ra6 Rf1 45. Rxc6+ Kf5 46. Kxd5 Rd1+
47. Kc5 Kxe5 48. a4 Rd2 49. a5 Rxh2 50. a6 Ra2 51. b5 h5 52. Kb6 Kd5 53. Rg6 Rb2
54. Rxg7 Kc4 55. Rg5 1-0

[Event "Euro Online U2300 Day 1"]
[Site "chess.com INT"]
[Date "2020.05.25"]
[Round "1"]
[White "Skreno, Vladimir"]
[Black "Finek, Vaclav"]
[Result "1/2-1/2"]
[BlackTitle "FM"]
[WhiteElo "2119"]
[BlackElo "2203"]
[WhiteFideId "14902893"]
[BlackFideId "23718293"]
[EventDate "2020.05.25"]

1. d4 Nf6 2. Nf3 g6 3. c4 Bg7 4. Nc3 d5 5. e3 O-O 6. b4 a5 7. b5 c5 8. bxc6 bxc6
9. Ba3 Nbd7 10. Rc1 Bb7 11. Be2 c5 12. dxc5 dxc4 13. O-O Rc8 14. Na4 Bc6 15.
Bxc4 Qc7 16. Nc3 Rfd8 17. Qe2 Ng4 18. Nd5 Bxd5 19. Bxd5 Nde5 20. Nxe5 Nxe5 21.
Rfd1 Nc6 22. Qf3 Ne5 23. Qe2 Nc6 24. h3 Nb4 25. Bb3 Rxd1+ 26. Qxd1 e6 27. Qg4
Bf8 28. c6 Bd6 29. Ba4 Bh2+ 30. Kh1 Nd3 31. Rf1 Be5 32. Qe2 Nb4 33. Bxb4 axb4
34. Rd1 Rd8 35. g3 Rxd1+ 36. Qxd1 Bd6 37. Kg2 Kf8 38. Qd4 Kg8 39. Qc4 h5 40. h4
Kf8 41. Qd4 Ke7 42. Qd3 Kf8 43. Qd4 Ke7 44. Qc4 Kf8 45. Qb5 Ke7 46. Qa6 Kf8 47.
Qa8+ Ke7 48. Qb7 Kf6 49. Qxc7 Bxc7 50. Kf3 Ke5 51. Bb3 Kd6 52. Ke4 Kxc6 53. Kd4
Bd6 54. Kc4 Kb6 55. Kd4 Kc7 56. Kc4 Kd8 57. Kd4 Ke7 58. Kc4 Kf6 59. Kd4 1/2-1/2

[Event "Euro Online U2300 Day 1"]
[Site "chess.com INT"]
[Date "2020.05.25"]
[Round "1"]
[White "Lagerman, Robert"]
[Black "Zvereva, Margarita"]
[Result "1-0"]
[WhiteTitle "FM"]
[BlackTitle "WFM"]
[WhiteElo "2298"]
[BlackElo "1929"]
[WhiteFideId "2300362"]
[BlackFideId "34177741"]
[EventDate "2020.05.25"]

1. e4 c5 2. Nf3 d6 3. Bb5+ Bd7 4. Bxd7+ Qxd7 5. O-O Nf6 6. e5 dxe5 7. Nxe5 Qc7
8. Re1 e6 9. Nc3 a6 10. d4 cxd4 11. Qxd4 Bc5 12. Qh4 O-O 13. Bg5 Nbd7 14. Nxd7
Nxd7 15. Ne4 Bb6 16. Be7 Rfe8 17. Nd6 Qxc2 18. Nxe8 Rxe8 19. Ba3 Nf6 20. Rac1
Qf5 21. h3 g5 22. Qg3 Ne4 23. Rxe4 Qxe4 24. Qxg5+ Qg6 25. Qf4 e5 26. Qd2 e4 27.
Bc5 Rd8 28. Qe1 Bxc5 29. Rxc5 h6 30. Re5 Rd4 31. Re8+ Kh7 32. Qc3 Qd6 33. g3
Rd1+ 34. Kg2 Qd4 35. Qc8 e3 36. Qf5+ Kg7 37. Rxe3 Qd5+ 38. Qxd5 Rxd5 39. Re2 Kf6
40. Rc2 Rb5 41. f4 Kf5 42. Kf3 Rd5 43. g4+ Kg6 44. Rc7 Rd3+ 45. Ke4 Rxh3 46.
Rxb7 h5 47. Rb6+ Kg7 48. gxh5 Rxh5 49. Rxa6 Rb5 50. b3 Rb4+ 51. Kf5 Rb5+ 52. Kg4
Rb4 53. Ra4 Rb6 54. b4 Rg6+ 55. Kf3 Rb6 56. a3 Rc6 57. Ra5 Rc3+ 58. Ke4 Rc4+ 59.
Ke3 Rc3+ 60. Kd4 Rf3 61. Ke4 Rb3 62. b5 Kg6 63. Ra6+ Kh5 64. a4 Kg4 65. Ke5 f5
66. Rg6+ Kf3 67. Kxf5 Rb4 68. Ra6 Rxf4+ 69. Ke5 Rb4 70. Kd5 Kf4 71. Kc5 Rb1 72.
Rc6 Ra1 73. b6 Rxa4 74. b7 Ra5+ 75. Kb6 Ra1 76. Rc5 Rb1+ 77. Rb5 1-0

[Event "Euro Online U2300 Day 1"]
[Site "chess.com INT"]
[Date "2020.05.25"]
[Round "1"]
[White "Pala, Giorgio"]
[Black "Pedersen, Henrik Dahl"]
[Result "0-1"]
[WhiteElo "1998"]
[BlackElo "2225"]
[WhiteFideId "852406"]
[BlackFideId "1404199"]
[EventDate "2020.05.25"]

1. c4 Nf6 2. Nc3 e5 3. Nf3 Nc6 4. e3 Be7 5. b3 O-O 6. Bb2 d6 7. Be2 Bg4 8. O-O
h6 9. d4 exd4 10. Nxd4 Bxe2 11. Ncxe2 Nxd4 12. Nxd4 Nd7 13. Qc2 Bf6 14. Rad1 Re8
15. e4 Nc5 16. f3 g6 17. b4 Ne6 18. Nxe6 Rxe6 19. Rd5 Bxb2 20. Qxb2 Qf6 21. Qxf6
Rxf6 22. Rfd1 Kf8 23. a4 Ke7 24. e5 Re6 25. exd6+ Rxd6 26. Kf2 Rxd5 27. Rxd5 c6
28. Rd2 a5 29. b5 cxb5 30. cxb5 Rc8 31. Ke3 Ke6 32. Ke4 Rc4+ 33. Rd4 Rc2 34. g4
Rxh2 35. Rd8 Ra2 36. Rb8 Rxa4+ 37. Ke3 Rb4 38. Rxb7 a4 39. b6 a3 40. Ra7 Rxb6
41. Rxa3 Kf6 42. Kf4 Ke6 43. Re3+ Kf6 44. Ra3 Rb4+ 45. Kg3 g5 46. Ra5 Kg6 47.
Ra6+ f6 48. Ra8 Rf4 49. Rg8+ Kh7 50. Ra8 Kg7 51. Ra7+ Kg6 52. Ra6 h5 53. gxh5+
Kxh5 54. Ra8 Kg6 55. Rg8+ Kf5 56. Ra8 Rb4 57. Ra5+ Kg6 58. Rc5 Rb3 59. Ra5 f5 0-1

[Event "Euro Online U2300 Day 1"]
[Site "chess.com INT"]
[Date "2020.05.25"]
[Round "1"]
[White "Malynovskyi, Rostyslav"]
[Black "Levitan, Tal"]
[Result "1-0"]
[WhiteTitle "FM"]
[WhiteElo "2174"]
[BlackElo "2126"]
[WhiteFideId "14150883"]
[BlackFideId "2804603"]
[EventDate "2020.05.25"]

1. d4 d5 2. c4 e6 3. Nc3 Be7 4. Nf3 Nf6 5. cxd5 exd5 6. Bg5 O-O 7. Qc2 b6 8. e3
Bb7 9. Bd3 Nbd7 10. O-O c5 11. Rad1 Ne4 12. Bf4 Nxc3 13. Bxh7+ Kh8 14. bxc3 g6
15. Bxg6 fxg6 16. Qxg6 Rf6 17. Qh5+ Kg7 18. Ne5 Bd6 19. Qg5+ Kh8 20. Nxd7 Rxf4
21. Qh6+ Kg8 22. Qxd6 Rf7 23. Qg6+ Rg7 24. Qe6+ Kh8 25. Nf6 Rg6 26. Qh3+ Kg7 27.
Nh5+ Kg8 28. Nf4 Rf6 29. dxc5 bxc5 30. Qg4+ Kh7 31. Qh5+ Kg7 32. Qg5+ Kh7 33.
Nxd5 Rg6 34. Qxd8 Rxd8 35. c4 Kg7 36. g3 Ra6 37. Rd2 Ra4 38. Rc1 Ba6 39. Rdc2
Kf7 40. h4 Bb7 41. e4 Ke6 42. f4 Rg8 43. Kf2 Ra3 44. Nc3 Ba6 45. Ne2 Rd8 46. Rc3
Rxa2 47. R1c2 Ra1 48. e5 Rh1 49. Ke3 Kf5 50. Ra3 Bb7 51. Rxa7 Bg2 52. Rf7+ Kg4
53. Rg7+ Kh3 54. f5 Rf1 55. Nf4+ Kh2 56. Rxg2+ Kh1 57. Rf2 Re1+ 58. Re2 Rg1 59.
e6 Ra8 60. e7 Ra3+ 61. Nd3 Rxd3+ 62. Kxd3 Rxg3+ 63. Re3 Rxg7 64. e8=Q 1-0

[Event "Euro Online U2300 Day 1"]
[Site "chess.com INT"]
[Date "2020.05.25"]
[Round "1"]
[White "Manukyan, Sargis A."]
[Black "Antova, Gabriela"]
[Result "0-1"]
[WhiteTitle "FM"]
[BlackTitle "FM"]
[WhiteElo "2244"]
[BlackElo "2255"]
[WhiteFideId "13303970"]
[BlackFideId "2915235"]
[EventDate "2020.05.25"]

1. d4 Nf6 2. c4 c5 3. d5 e6 4. Nc3 exd5 5. cxd5 d6 6. Nf3 g6 7. Bf4 a6 8. Nd2 b5
9. a4 b4 10. Nce4 Nxe4 11. Nxe4 Be7 12. Bh6 f5 13. Nd2 Nd7 14. Nc4 Nb6 15. e3
Bf6 16. Rb1 Kf7 17. Nxb6 Qxb6 18. Bc4 Re8 19. h4 Qd8 20. g3 Ra7 21. Kf1 Rae7 22.
b3 Kg8 23. Kg2 Bb7 24. Bf4 Re4 25. Qf1 Qc8 26. Qd1 Qd8 27. Qd3 a5 28. Bb5 Rf8
29. Bc4 Kg7 30. Rh2 Ree8 31. Rbh1 Be5 32. Bg5 Bf6 33. Qd1 h5 34. Bf4 Be5 35. Qf3
Bxf4 36. gxf4 Qf6 37. Kh3 Kh6 38. Rg2 Rg8 39. Rhg1 Re7 40. Rg5 Reg7 41. Be2 Qf7
42. Bc4 Ba8 43. R5g2 Bb7 44. Qg3 Bxd5 45. Qg5+ Kh7 46. Be2 Bxg2+ 47. Rxg2 d5 48.
Rg1 c4 49. Bd1 Qe8 50. Qf6 Rf7 51. Qa6 Qa8 52. Qb5 c3 53. Bc2 Rd8 54. Qb6 Rg8
55. Qe6 Qb7 56. Rg5 Rgg7 57. f3 Re7 58. Qf6 d4 59. e4 fxe4 60. fxe4 Qd7+ 61. f5
d3 62. Rxg6 dxc2 63. Rh6+ Kg8 64. Rxh5 0-1

[Event "Euro Online U2300 Day 1"]
[Site "chess.com INT"]
[Date "2020.05.25"]
[Round "1"]
[White "Tadic, Stefan"]
[Black "Sergeev, Nikita S."]
[Result "0-1"]
[WhiteTitle "FM"]
[WhiteElo "2257"]
[BlackElo "1335"]
[WhiteFideId "958980"]
[BlackFideId "34253670"]
[EventDate "2020.05.25"]

1. e4 e6 2. d4 d5 3. e5 c5 4. c3 Nc6 5. Nf3 Qb6 6. Bd3 Bd7 7. O-O cxd4 8. cxd4
Nxd4 9. Nbd2 Nxf3+ 10. Nxf3 Ne7 11. Be3 Qd8 12. Bc5 Rc8 13. Rc1 Nc6 14. Bxf8
Kxf8 15. Qd2 a6 16. b4 Qe7 17. a4 Nxb4 18. Rxc8+ Bxc8 19. Rc1 Bd7 20. Rc7 Nxd3
21. Qxd3 g6 22. Rxb7 Bb5 23. Rxe7 Bxd3 24. Ra7 h6 25. Nd4 Bc4 26. f3 Rg8 27. Kf2
g5 28. Ke3 h5 29. g3 h4 30. g4 h3 31. f4 gxf4+ 32. Kxf4 Rh8 33. Nf3 Be2 34. Ng5
Rh4 35. Nf3 Bxf3 36. Kxf3 Kg7 37. Rxa6 Rh8 38. Kg3 Kg6 39. a5 Rb8 40. Rb6 Ra8
41. a6 Kg5 42. Rc6 Ra7 43. Rd6 Rc7 44. Kxh3 Rc3+ 45. Kg2 Ra3 46. h3 Kf4 47. Rd7
Ra2+ 48. Kf1 Ke3 49. Rxf7 d4 50. a7 d3 51. Rd7 d2 52. g5 Rxa7 53. Rd6 Ra1+ 54.
Kg2 d1=Q 55. Rxd1 Rxd1 56. h4 Kf4 57. g6 Rd8 58. h5 Kxe5 59. Kg3 Kf6 60. Kg4 Rg8
61. Kf4 e5+ 62. Ke4 Rh8 63. g7 Kxg7 0-1

[Event "Euro Online U2300 Day 1"]
[Site "chess.com INT"]
[Date "2020.05.25"]
[Round "1"]
[White "Akhayan, Ruben"]
[Black "Hovsepyan, Vardan"]
[Result "1-0"]
[WhiteTitle "FM"]
[WhiteElo "2255"]
[BlackElo "2231"]
[WhiteFideId "204439"]
[BlackFideId "13304291"]
[EventDate "2020.05.25"]

1. d4 Nf6 2. Nf3 g6 3. g3 c5 4. Bg2 Bg7 5. c4 O-O 6. O-O d6 7. Nc3 Nc6 8. dxc5
dxc5 9. Be3 Nd7 10. Qd2 Re8 11. Rfd1 Qa5 12. Nd5 Rb8 13. a3 Qxd2 14. Rxd2 b6 15.
Rad1 Nde5 16. Nxe5 Nxe5 17. Nxe7+ Kf8 18. Nxc8 Rbxc8 19. b3 h5 20. h3 Bf6 21.
Bh6+ Bg7 22. Bf4 Bf6 23. Kh2 Kg7 24. Be3 Re7 25. Rd6 Rcc7 26. Bc1 Nd7 27. e3 h4
28. R6d2 hxg3+ 29. Kxg3 Ne5 30. Kh2 Nc6 31. Bxc6 Rxc6 32. Rd7 Rc7 33. Rxc7 Rxc7
34. Kg2 Kf8 35. f4 Ke7 36. Kf3 Rc8 37. e4 Bd4 38. Rh1 a6 39. h4 b5 40. Be3 bxc4
41. bxc4 Rb8 42. Bxd4 cxd4 43. e5 Rb3+ 44. Ke4 d3 45. Rd1 Rxa3 46. Rxd3 Ra5 47.
Rb3 Ra1 48. Rb7+ Ke6 49. Rb6+ Ke7 50. c5 Rc1 51. c6 a5 52. Kd5 a4 53. Rb7+ Kf8
54. Ra7 Rd1+ 55. Kc5 Rc1+ 56. Kd6 Kg7 57. Rxa4 Rd1+ 58. Ke7 Rc1 59. Kd7 Rd1+ 60.
Kc8 Rh1 61. c7 Rxh4 62. Kb8 Rh8+ 63. c8=Q 1-0

[Event "Euro Online U2300 Day 1"]
[Site "chess.com INT"]
[Date "2020.05.25"]
[Round "1"]
[White "Iljushina, Olga"]
[Black "Droin, Augustin"]
[Result "0-1"]
[WhiteTitle "WGM"]
[BlackTitle "FM"]
[WhiteElo "2132"]
[BlackElo "2313"]
[WhiteFideId "4152280"]
[BlackFideId "45105987"]
[EventDate "2020.05.25"]

1. d4 d5 2. c4 c6 3. Nf3 Nf6 4. Nc3 e6 5. e3 Nbd7 6. Qc2 Bd6 7. Be2 O-O 8. b3 a6
9. O-O b5 10. Rd1 Bb7 11. c5 Be7 12. e4 dxe4 13. Nxe4 Nxe4 14. Qxe4 Bf6 15. Bd3
g6 16. Bh6 Re8 17. Rac1 Qa5 18. Bb1 e5 19. dxe5 Nxe5 20. Qf4 Nxf3+ 21. Qxf3 Bb2
22. Bd2 Qc7 23. Bc3 Bxc3 24. Rxc3 Rad8 25. Rcd3 Rxd3 26. Qxd3 Qe5 27. b4 Bc8 28.
h3 Bf5 29. Qf3 Bxb1 30. Rxb1 Re6 31. Rd1 Kg7 32. Qd3 Rf6 33. Qd4 Qf5 34. Rd3 h5
35. Rf3 Qe6 36. Kh2 g5 37. g4 hxg4 38. hxg4 Kg6 39. Qd3+ Kh6 40. Rh3+ Kg7 41.
Qh7+ Kf8 42. Qc2 Qxg4 43. Rh8+ Ke7 44. Qd2 Qf4+ 45. Qxf4 Rxf4 46. Kg2 Rxb4 47.
Rc8 Kd7 48. Rf8 Ke6 49. Rc8 Kd5 50. Rf8 Rf4 51. Ra8 Kxc5 52. Rxa6 Rf6 53. Ra7
Kb4 54. Kg3 c5 55. f3 c4 56. Kg4 c3 57. Kxg5 Rxf3 58. Kg4 Rf1 59. Rd7 c2 0-1

[Event "Euro Online U2300 Day 1"]
[Site "chess.com INT"]
[Date "2020.05.25"]
[Round "1"]
[White "Han, Yichen"]
[Black "Gottstein, Claudius-Thomas"]
[Result "1-0"]
[WhiteTitle "FM"]
[WhiteElo "2307"]
[BlackElo "2113"]
[WhiteFideId "1054430"]
[BlackFideId "4653327"]
[EventDate "2020.05.25"]

1. e4 c6 2. d4 d5 3. Nc3 dxe4 4. Nxe4 Nf6 5. Nxf6+ exf6 6. c3 Bd6 7. Bd3 O-O 8.
Qc2 Re8+ 9. Ne2 h5 10. O-O h4 11. h3 Nd7 12. Be3 Nf8 13. Qd2 Ng6 14. Rfe1 Bc7
15. Nf4 Qd6 16. Qc2 Nf8 17. c4 Ba5 18. Red1 Ne6 19. c5 Qd8 20. Bc4 Nxf4 21. Bxf4
Be6 22. Bxe6 fxe6 23. Qg6 Re7 24. Bd6 Qe8 25. Qg4 Rd7 26. Qxh4 Bc7 27. Bxc7 Rxc7
28. Re1 Qf7 29. Re3 Rd8 30. Rae1 Rcd7 31. Rxe6 Rxd4 32. Re8+ Rxe8 33. Rxe8+ Qxe8
34. Qxd4 Qe1+ 35. Kh2 Qe2 36. a4 a5 37. h4 Kh7 38. g3 f5 39. Kg2 Qc2 40. Qe5 g6
41. Qe7+ Kh6 42. Qg5+ Kh7 43. Qe7+ Kh6 44. Qxb7 Qe4+ 45. Kh2 Qxa4 46. Qb8 Kh7
47. Qc7+ Kh8 48. Qd8+ Kh7 49. Qe7+ Kg8 50. Qg5 Kf7 51. h5 gxh5 52. Qxf5+ Ke7 53.
Qg5+ Kd7 54. Qxh5 Qc2 55. Qg4+ Kc7 56. Qg7+ Kb8 57. Qe5+ Kb7 58. Qd4 Qh7+ 59.
Kg2 Qc2 60. g4 Ka6 61. Kf3 a4 62. Ke3 Kb5 63. Qd3+ 1-0

[Event "Euro Online U2300 Day 1"]
[Site "chess.com INT"]
[Date "2020.05.25"]
[Round "1"]
[White "Ismayilov, Firuz"]
[Black "Laptii, Nazar"]
[Result "1-0"]
[WhiteElo "1590"]
[BlackElo "2180"]
[WhiteFideId "13416561"]
[BlackFideId "14174332"]
[EventDate "2020.05.25"]

1. d4 g6 2. Nf3 Bg7 3. Bf4 d6 4. h3 Nd7 5. c3 e5 6. dxe5 dxe5 7. Bh2 Ne7 8. e4
O-O 9. Be2 b6 10. Nbd2 Bb7 11. O-O Nc8 12. Nc4 Qe7 13. Qc2 Nd6 14. Nxd6 Qxd6 15.
Rad1 Qe7 16. b4 a5 17. Bc4 Rfd8 18. Bg3 Kh8 19. h4 f6 20. Rb1 h5 21. Rfd1 axb4
22. cxb4 Nf8 23. Bd5 Rdb8 24. Nd2 Bxd5 25. exd5 f5 26. Nc4 f4 27. Bh2 Qxh4 28.
d6 cxd6 29. Nxd6 Kh7 30. Rd2 Ne6 31. Qe4 Nd4 32. Rc1 Ra7 33. Rxd4 exd4 34. Nf5
Qf6 35. Nxg7 Rxg7 36. Bxf4 Rf8 37. g3 Re7 38. Qd3 Rfe8 39. Kg2 Kg7 40. b5 Rf7
41. Rc2 g5 42. Rc6 Qf5 43. Qxd4+ Kh7 44. Qd6 gxf4 45. Qh6+ Kg8 46. Rg6+ Qxg6 47.
Qxg6+ Kf8 48. Qh6+ Ke7 49. Qxb6 f3+ 50. Kh2 Kf8 51. Qc5+ Kg8 52. b6 Ree7 53. a4
h4 54. a5 hxg3+ 55. Kxg3 Re6 56. Qc8+ 1-0

[Event "Euro Online U2300 Day 1"]
[Site "chess.com INT"]
[Date "2020.05.25"]
[Round "1"]
[White "Vujacic, Igor"]
[Black "Mirimanian, Hayk"]
[Result "0-1"]
[WhiteTitle "CM"]
[BlackTitle "FM"]
[WhiteElo "2207"]
[BlackElo "2268"]
[WhiteFideId "932620"]
[BlackFideId "4700180"]
[EventDate "2020.05.25"]

1. e4 c5 2. Nf3 e6 3. c3 d5 4. exd5 exd5 5. d4 Nc6 6. Be3 cxd4 7. cxd4 Nf6 8.
Nc3 Bd6 9. Bd3 O-O 10. O-O Bg4 11. h3 Bh5 12. a3 Rc8 13. Rc1 Bb8 14. Bf5 Rc7 15.
g4 Bg6 16. Bxg6 hxg6 17. Bf4 Re7 18. Bxb8 Qxb8 19. Re1 Rxe1+ 20. Qxe1 Re8 21.
Qd2 Ne4 22. Qd3 Qd6 23. Kg2 f5 24. gxf5 gxf5 25. Rg1 a6 26. Ne2 Qg6+ 27. Kf1 Qh6
28. h4 Qh5 29. b4 Qxf3 30. Qxf3 Nd2+ 31. Kg2 Nxf3 32. Kxf3 Re4 33. Rg5 Rxh4 34.
Rxf5 Nxd4+ 35. Nxd4 Rxd4 36. Ke3 Rd1 37. Rg5 Ra1 38. Rxd5 Rxa3+ 39. Ke4 Ra4 40.
Rd4 Kf8 41. f4 Ke7 42. Ke5 Ra1 43. f5 Re1+ 44. Kf4 Rf1+ 45. Ke5 Rb1 46. Kf4 Rc1
47. Ke5 Rb1 48. Kf4 Re1 49. Rd5 Re2 50. Rd4 b6 51. Rd5 Rc2 52. Rd4 Rc6 53. Ke5
a5 54. bxa5 bxa5 55. Rg4 Kf7 56. Kd5 Ra6 57. Ra4 Kf6 58. Ke4 Ra7 59. Kf4 Ra8 60.
Kg4 Ke5 61. Kg5 Ra6 62. Kg4 Kd5 63. Kg5 Kc5 64. Re4 a4 65. Re6 Rxe6 0-1

[Event "Euro Online U2300 Day 1"]
[Site "chess.com INT"]
[Date "2020.05.25"]
[Round "1"]
[White "Franchuk, Serhiy"]
[Black "Khazhomia, Salome"]
[Result "1-0"]
[BlackTitle "WFM"]
[WhiteElo "2026"]
[BlackElo "2092"]
[WhiteFideId "14116740"]
[BlackFideId "13603230"]
[EventDate "2020.05.25"]

1. e4 e6 2. d4 d5 3. Nd2 Nf6 4. e5 Nfd7 5. Bd3 c5 6. c3 Nc6 7. Ne2 cxd4 8. cxd4
f6 9. exf6 Nxf6 10. Nf3 Bd6 11. Bf4 O-O 12. Bxd6 Qxd6 13. O-O Bd7 14. Rc1 Ng4
15. Ng3 Rf4 16. Rc3 g6 17. Bc2 Raf8 18. a3 Kg7 19. Re1 e5 20. dxe5 Ncxe5 21.
Nxe5 Nxe5 22. Rce3 Ng4 23. Re7+ R8f7 24. Rxf7+ Kxf7 25. Re2 Be6 26. Qd2 Qc7 27.
h3 Nf6 28. Qe3 Qd6 29. Qxa7 Qc6 30. Qe3 Rc4 31. Bd3 Rc1+ 32. Kh2 Rd1 33. Bb5 Qd6
34. Ba4 Rb1 35. Qd3 Rc1 36. Qd2 Rc4 37. Bb3 Rc5 38. Bc2 d4 39. Bd3 b5 40. Kg1
Qc6 41. Kh2 Qc7 42. Qb4 Qd6 43. Rd2 Rd5 44. Qxd6 Rxd6 45. Bxb5 Bb3 46. a4 Ke7
47. f3 Kd8 48. Ne2 d3 49. Nf4 Bc2 50. Bxd3 g5 51. Rxc2 gxf4 52. Bf5 Rd4 53. a5
Ra4 54. Rc5 Ke7 55. b4 1-0

[Event "Euro Online U2300 Day 1"]
[Site "chess.com INT"]
[Date "2020.05.25"]
[Round "1"]
[White "Le Goff, Ronan"]
[Black "Chaqryan, Erik"]
[Result "0-1"]
[WhiteTitle "FM"]
[WhiteElo "2267"]
[BlackElo "2231"]
[WhiteFideId "612073"]
[BlackFideId "13312340"]
[EventDate "2020.05.25"]

1. d4 Nf6 2. Nf3 g6 3. e3 Bg7 4. Be2 O-O 5. O-O d6 6. b3 Nbd7 7. Bb2 e5 8. dxe5
Ng4 9. Nc3 Ngxe5 10. Nxe5 dxe5 11. e4 c6 12. Ba3 Re8 13. Na4 b5 14. Nc3 Qa5 15.
Bb2 Bf8 16. a3 Qc7 17. b4 a5 18. Qb1 Nb6 19. Rd1 Be6 20. Na2 Ra7 21. Bc3 axb4
22. axb4 Rea8 23. Nc1 Rxa1 24. Bxa1 Bc4 25. Nd3 f6 26. Bc3 Ra3 27. Be1 Qa7 28.
h4 Ra2 29. h5 Qa4 30. hxg6 hxg6 31. Rc1 Qa3 32. Bf1 Na4 33. Rd1 Nc3 34. Bxc3
Qxc3 35. Rc1 Ra4 36. Rd1 Ra2 37. Rc1 Bh6 38. Ne1 Bxc1 39. Bxc4+ Qxc4 40. Qxc1
Kg7 41. Qd2 Qd4 42. Nd3 Ra1+ 43. Kh2 Qxe4 44. Kg3 Rh1 45. f4 exf4+ 46. Nxf4 Qe1+
47. Qxe1 Rxe1 48. Nd3 Rb1 49. Kf3 Kf7 50. Ke4 Rg1 51. Nf4 g5 52. Ne2 Rxg2 53.
Nd4 Kg6 54. c3 g4 55. Nxc6 Kg5 56. Nd4 Rf2 57. Ke3 Rf1 58. Nxb5 f5 59. Nd4 f4+
60. Ke2 Ra1 61. b5 Rb1 62. c4 Rb2+ 63. Kf1 f3 64. c5 Kf4 65. c6 g3 66. Ne6+ Ke5
67. c7 Rb1# 0-1

[Event "Euro Online U2300 Day 1"]
[Site "chess.com INT"]
[Date "2020.05.25"]
[Round "1"]
[White "Fajdetic, Hrvoje"]
[Black "Voracek, Miroslav"]
[Result "1-0"]
[WhiteTitle "CM"]
[WhiteElo "2151"]
[BlackElo "2226"]
[WhiteFideId "14501945"]
[BlackFideId "313335"]
[EventDate "2020.05.25"]

1. d4 d5 2. Bf4 Bf5 3. c4 c6 4. e3 e6 5. Nc3 Nf6 6. Qb3 Qb6 7. c5 Qxb3 8. axb3
Nbd7 9. b4 Be7 10. b5 O-O 11. bxc6 bxc6 12. Ba6 e5 13. Bg3 Rab8 14. Ra2 Rb4 15.
Nge2 Nh5 16. O-O Nxg3 17. Nxg3 Bc2 18. Rc1 Bb3 19. Ra3 exd4 20. exd4 Rfb8 21.
Nge2 Bf6 22. Kf1 Nf8 23. Bd3 Bxd4 24. Rxb3 Rxb3 25. Nxd4 Rxb2 26. Nxc6 Ra8 27.
Ne7+ Kh8 28. c6 Ne6 29. Ncxd5 g6 30. c7 Nxc7 31. Nxc7 Rd8 32. Ncd5 Kg7 33. g3 a5
34. Ra1 Rb7 35. Be4 Rxe7 36. Nxe7 Re8 37. Rxa5 Rxe7 38. Bf3 Rc7 39. Kg2 h6 40.
Rb5 Rd7 41. Rb7 Rd3 42. h4 g5 43. h5 Kf6 44. Rb6+ Kg7 45. Be4 Rd4 46. Kf3 Ra4
47. Rb7 Ra3+ 48. Kg2 Ra5 49. Bg6 Kf6 50. Rxf7+ Ke6 51. Rh7 Ra4 52. Rxh6 Ke5 53.
Rh8 Kf6 54. Be8 Ra8 55. h6 Rb8 56. Rg8 Rb7 57. Bg6 1-0